All Minecraft Mobs - Statistics

General Stats
  • This quiz has been taken 38 times
  • The average score is 54 of 130
Answer Stats
% Correct
Pig
96%
Cow
89%
Enderman
89%
Pillager
89%
Skeleton
89%
Villager
89%
Zombie
89%
Chicken
85%
Ender Dragon
85%
Piglin
85%
Wither
85%
Blaze
78%
Cat
78%
Iron Golem
78%
Dolphin
74%
Horse
74%
Parrot
74%
Sheep
74%
Witch
74%
Wither Skeleton
74%
Wolf
74%
Cod
70%
Endermite
70%
Ghast
70%
Salmon
70%
Panda
67%
Silverfish
67%
Spider
67%
Allay
63%
Donkey
63%
Vex
63%
Warden
63%
Bat
59%
Creeper
59%
Fox
59%
Mule
59%
Ocelot
59%
Squid
59%
Zombie Villager
59%
Axolotl
56%
Husk
56%
Piglin Brute
56%
Ravager
56%
Shulker
56%
Skeleton Horse
56%
Snow Golem
56%
Strider
56%
Tropical Fish
56%
Vindicator
56%
Cave Spider
52%
Drowned
52%
Evoker
52%
Guardian
52%
Llama
52%
Magma Cube
52%
Phantom
52%
Pufferfish
52%
Rabbit
52%
Slime
52%
Sniffer
52%
Zombie Horse
52%
Zombified Piglin
52%
Bee
48%
Chicken Jockey
48%
Frog
48%
Hoglin
48%
Polar Bear
48%
Zoglin
48%
Armadillo
44%
Breeze
44%
Camel
44%
Elder Guardian
44%
Goat
44%
Stray
44%
Wandering Trader
44%
Turtle
41%
Glow Squid
37%
Spider Jockey
37%
Giant
33%
Bogged
30%
Mooshroom
30%
Steve
30%
Illusioner
26%
Tadpole
26%
Trader Llama
26%
Pigman
22%
Skeleton Horseman
19%
Copper Golem
15%
Alpaca
11%
Beast Boy
11%
Creaking
11%
Killer Bunny
11%
Black Steve
7%
Crab
7%
Firefly
7%
Glare
7%
Iceologer
7%
Moobloom
7%
Pink Wither
7%
Ravager Jockey
7%
Strider Jockey
7%
Agent
4%
Baiji
4%
Barnacle
4%
Chinese Alligator
4%
Diamond Chicken
4%
Elder Guardian Ghost
4%
Golden Monkey
4%
Hoglin Jockey
4%
Love Golem
4%
Mars
4%
Monster
4%
Moon Cow
4%
Nerd Creeper
4%
NPC
4%
Penguin
4%
Pony
4%
Rana
4%
Rascal
4%
Ray Tracing
4%
Red Dragon
4%
Redstone Bug
4%
Smiling Creeper
4%
The Great Hunger
4%
Tuff Golem
4%
White-Lipped Deer
4%
Wildfire
4%
Deer
0%
Mob
0%
No matching quizzes found
Score Distribution
Percent of People with Each Score
Percentile by Number Answered
Your Score History
You have not taken this quiz